Test de Rapidité: Pays - Statistiques

Statistiques générales
  • Ce quiz a été pris 3 002 fois
  • Le résultat moyen est 7 sur 15
Statistiques - réponses
Pays Réponse % Correct
Ouganda Ouganda
99%
Viêt Nam Viêt Nam
95%
Israël Israël
92%
Libye Libye
80%
Liechtenstein Liechtenstein
76%
Djibouti Djibouti
69%
Grenade Grenade
58%
Irlande Irlande
48%
Monténégro Monténégro
34%
Turquie Turquie
24%
Afghanistan Afghanistan
13%
Taïwan Taïwan
10%
Venezuela Venezuela
6%
Italie Italie
5%
Biélorussie Biélorussie
2%
Aucun quiz correspondant
Distribution des résultats
% des personnes avec chaque résultat
Percentile par nombre de réponses
Votre historique - résultats
Vous n’avez pas pris ce quiz